Analýza pojistného trhu 2016
Analýza českého poistného trhu. Predpísané poistné a komplexné výsledky za rok 2016. Neživotné poistenie, životné poistenie. Vývoj vyplatených poistných plnení. Hospodárske výsledky členských poisťovní Českej asociácie poisťovní.
Salvato in:
| Autore principale: | |
|---|---|
| Natura: | Capitolo di libro |
| Lingua: | ceco |
| Soggetti: | |
| Tags: |
Nessun Tag, puoi essere il primo ad aggiungerne!!
|
MARC
| LEADER | 00000nla a2200000 4500 | ||
|---|---|---|---|
| 001 | 0236910 | ||
| 005 | 20240417075128.0 | ||
| 041 | 0 | |a cze | |
| 044 | |a CZ | ||
| 245 | 1 | 0 | |a Analýza pojistného trhu 2016 |c Jaroslav Urban |
| 520 | |a Analýza českého poistného trhu. Predpísané poistné a komplexné výsledky za rok 2016. Neživotné poistenie, životné poistenie. Vývoj vyplatených poistných plnení. Hospodárske výsledky členských poisťovní Českej asociácie poisťovní. | ||
| 610 | 2 | 0 | |a trh poistný |
| 610 | 2 | 0 | |a analýza trhu |
| 610 | 2 | 0 | |a Česko |
| 100 | 1 | |a Urban, Jaroslav | |